All 6 Letter Words that Begin With H - Statistics

General Stats
  • This quiz has been taken 8 times
  • The average score is 186 of 900
Answer Stats
% Correct
hacker
100%
hacked
86%
handed
86%
hander
86%
hanged
86%
hanger
86%
hashed
86%
hasher
86%
hatter
86%
heaped
86%
hearts
86%
heater
86%
heaume
86%
heeded
86%
hopper
86%
hosted
86%
hotter
86%
hummer
86%
hunger
86%
hailed
71%
hailer
71%
haired
71%
halves
71%
hammed
71%
happen
71%
hassle
71%
hasten
71%
haters
71%
hatted
71%
havens
71%
headed
71%
header
71%
healed
71%
healer
71%
hearth
71%
heated
71%
heaven
71%
heckle
71%
hedged
71%
hedger
71%
hedges
71%
heeled
71%
heeler
71%
helped
71%
helper
71%
herded
71%
herder
71%
heurte
71%
hexers
71%
hidden
71%
hiding
71%
hinted
71%
hinter
71%
hipped
71%
hissed
71%
hitter
71%
hoards
71%
hockey
71%
holden
71%
holder
71%
holing
71%
hollen
71%
holler
71%
hollin
71%
hooted
71%
hooter
71%
hopped
71%
hotels
71%
hounds
71%
houses
71%
hummed
71%
hunker
71%
hunted
71%
hunter
71%
hurled
71%
hushed
71%
hustle
71%
hadden
57%
haggis
57%
haggle
57%
Hallel
57%
hallen
57%
Haller
57%
hallow
57%
halted
57%
halter
57%
halved
57%
hammal
57%
hammer
57%
hamper
57%
harder
57%
hardly
57%
harems
57%
harked
57%
harmed
57%
harmer
57%
harped
57%
harper
57%
hashes
57%
hasted
57%
haster
57%
having
57%
hawked
57%
hawker
57%
hayers
57%
health
57%
heared
57%
hearer
57%
hearty
57%
heaved
57%
heaver
57%
heaves
57%
heered
57%
helled
57%
hellos
57%
herons
57%
hewing
57%
hickey
57%
hiders
57%
hikers
57%
hilled
57%
hiller
57%
hipper
57%
hippos
57%
hippus
57%
hisser
57%
hivers
57%
hoaxed
57%
hoaxer
57%
hobbit
57%
hocked
57%
hogged
57%
homers
57%
homing
57%
hoofed
57%
hoofer
57%
hooved
57%
hoover
57%
hooves
57%
hoping
57%
horrid
57%
horror
57%
horses
57%
hosing
57%
hostal
57%
hostel
57%
hotted
57%
housed
57%
houser
57%
hovers
57%
howled
57%
howler
57%
hugged
57%
humans
57%
hummus
57%
humped
57%
hungry
57%
hurler
57%
hurter
57%
Hydrus
57%
habits
43%
hackie
43%
hackle
43%
hading
43%
hagged
43%
haling
43%
haloes
43%
handle
43%
hanker
43%
hankie
43%
hansom
43%
happer
43%
harden
43%
haring
43%
harken
43%
hastes
43%
hating
43%
hatred
43%
havers
43%
hawing
43%
haying
43%
hazels
43%
hazing
43%
hearse
43%
heaths
43%
heifer
43%
height
43%
helium
43%
heller
43%
helmed
43%
helmet
43%
herald
43%
Hering
43%
Herren
43%
hewers
43%
higher
43%
hiking
43%
hinged
43%
hinger
43%
hinges
43%
hippen
43%
hippie
43%
hippin
43%
hirers
43%
hiring
43%
hisses
43%
hitchy
43%
hither
43%
hobbed
43%
hobber
43%
hoboes
43%
hocker
43%
hodden
43%
hodges
43%
hoeing
43%
hogger
43%
hoists
43%
holier
43%
hollow
43%
Holter
43%
honked
43%
honker
43%
hookah
43%
hooped
43%
hooper
43%
hooray
43%
hopers
43%
hordes
43%
horned
43%
horsed
43%
horsey
43%
hosier
43%
hosses
43%
hotten
43%
houndy
43%
hourly
43%
huckle
43%
huffed
43%
hugger
43%
hulked
43%
hulled
43%
huller
43%
humble
43%
Hunkie
43%
hushes
43%
husses
43%
hutted
43%
hydros
43%
Hypnos
43%
hackly
29%
hadder
29%
halers
29%
hamlet
29%
hances
29%
hansel
29%
happed
29%
hardie
29%
harlot
29%
harpes
29%
harras
29%
haught
29%
hauled
29%
hauler
29%
haunch
29%
haunts
29%
hawkie
29%
hazard
29%
hazers
29%
hazier
29%
heathy
29%
hector
29%
heiled
29%
heired
29%
Helios
29%
helves
29%
hemmed
29%
hemmer
29%
hennas
29%
hennin
29%
herbed
29%
Hermes
29%
hermit
29%
herpes
29%
hexing
29%
hiccup
29%
highly
29%
himped
29%
hinder
29%
hinner
29%
hinney
29%
hinnie
29%
hister
29%
hiving
29%
hoagie
29%
hoaxes
29%
hobble
29%
hoking
29%
holers
29%
homage
29%
homies
29%
honest
29%
honeys
29%
honing
29%
honors
29%
honour
29%
hooded
29%
hoodie
29%
hooked
29%
hooker
29%
hookey
29%
hooley
29%
hoopee
29%
hopple
29%
horahs
29%
horner
29%
hottie
29%
houghs
29%
hovels
29%
Howard
29%
howdie
29%
hoxing
29%
hucked
29%
huddle
29%
hugely
29%
hummel
29%
humors
29%
humour
29%
hurley
29%
hurtle
29%
husker
29%
hydras
29%
hymens
29%
hypers
29%
hyphen
29%
hyping
29%
habble
14%
habuka
14%
hackee
14%
haddie
14%
hained
14%
hairen
14%
Hakkas
14%
halala
14%
haldus
14%
halite
14%
hallan
14%
hallos
14%
haloed
14%
halons
14%
halsed
14%
halsen
14%
halses
14%
hamber
14%
hamels
14%
hamils
14%
Hamite
14%
hanges
14%
hangie
14%
Hansen
14%
Hanses
14%
harass
14%
harbor
14%
harled
14%
harles
14%
harmal
14%
harman
14%
harpin
14%
harrow
14%
Harvey
14%
Hassid
14%
hatful
14%
hatpin
14%
haughs
14%
haunty
14%
havocs
14%
hawers
14%
headle
14%
healds
14%
Hebrew
14%
hectes
14%
hectic
14%
heezed
14%
heezes
14%
hefted
14%
heinie
14%
heists
14%
heling
14%
helots
14%
helvin
14%
hemera
14%
hempie
14%
henges
14%
hented
14%
heppen
14%
herbal
14%
hereat
14%
herile
14%
hernia
14%
heroin
14%
hiatus
14%
higgle
14%
hijabs
14%
hirsts
14%
histed
14%
hithes
14%
hoarse
14%
hoboed
14%
hocket
14%
hoddle
14%
hoggee
14%
hogget
14%
hoggin
14%
hokier
14%
hombre
14%
homely
14%
homeys
14%
hominy
14%
hondas
14%
hondos
14%
honers
14%
honied
14%
honier
14%
hoopid
14%
hoopla
14%
hoorah
14%
hooses
14%
Horite
14%
hormes
14%
hormic
14%
hornet
14%
hostas
14%
housel
14%
housen
14%
hovens
14%
Howell
14%
howffs
14%
hoyles
14%
hubber
14%
hubris
14%
huffle
14%
Hughes
14%
hullos
14%
humbly
14%
Humean
14%
humins
14%
hunder
14%
hundis
14%
Hunner
14%
hurdle
14%
hurkle
14%
Hurons
14%
hurrah
14%
Hurris
14%
husked
14%
hussar
14%
huzzed
14%
hyenas
14%
hymned
14%
hymner
14%
habeas
0%
habile
0%
Habiri
0%
Habiru
0%
habnab
0%
haboob
0%
haceks
0%
hackia
0%
hadada
0%
hadbot
0%
haddos
0%
Hadean
0%
hadith
0%
hadjes
0%
hadjis
0%
hadrom
0%
hadron
0%
haeing
0%
haemal
0%
haemic
0%
haemin
0%
haeres
0%
haffet
0%
hafted
0%
hagbut
0%
hagdon
0%
Haggai
0%
haglet
0%
haiari
0%
Haidas
0%
haiduk
0%
haigle
0%
haikai
0%
haikal
0%
haikus
0%
Hainai
0%
hainch
0%
haints
0%
hairdo
0%
hairst
0%
Haisla
0%
haiver
0%
Hajemi
0%
hajibs
0%
hajjes
0%
hajjis
0%
hakims
0%
halate
0%
haleru
0%
halest
0%
halfly
0%
halide
0%
halier
0%
hallah
0%
halloo
0%
hallot
0%
hallux
0%
halmas
0%
haluka
0%
halutz
0%
halvah
0%
halvas
0%
hamada
0%
hamals
0%
hamata
0%
hamate
0%
hamble
0%
hambos
0%
hameil
0%
hametz
0%
hamilt
0%
hammam
0%
hamuli
0%
hamzah
0%
hamzas
0%
Hanafi
0%
hanaps
0%
handsy
0%
hangar
0%
hangby
0%
hangis
0%
hangle
0%
hangry
0%
hangul
0%
hanifs
0%
haniwa
0%
hankle
0%
Hankul
0%
Hansas
0%
Hantik
0%
hantle
0%
hanums
0%
haoles
0%
haomas
0%
haoris
0%
hapten
0%
haptic
0%
haptor
0%
hapuka
0%
hapuku
0%
Harari
0%
hardim
0%
hartal
0%
hashab
0%
haslet
0%
Hasner
0%
hasped
0%
hassar
0%
hatari
0%
hatbox
0%
Hathor
0%
Hatsas
0%
Hattic
0%
Hattis
0%
haulms
0%
haulmy
0%
Haumea
0%
haupia
0%
Hausas
0%
Hauser
0%
hauyne
0%
havage
0%
Havana
0%
havior
0%
hawkey
0%
hawser
0%
hawses
0%
haybox
0%
haycap
0%
haymow
0%
hayrig
0%
haysel
0%
Hazara
0%
hazily
0%
hazled
0%
hazles
0%
hazmat
0%
hazzan
0%
hebona
0%
Hecate
0%
Hecuba
0%
heddle
0%
hedebo
0%
Hedera
0%
heders
0%
hefter
0%
hegari
0%
hegira
0%
heiaus
0%
heimin
0%
heishe
0%
heishi
0%
Hejazi
0%
hejira
0%
helbeh
0%
helzel
0%
hemins
0%
hemmel
0%
hemoid
0%
hempen
0%
henads
0%
henbit
0%
henism
0%
Henley
0%
Henoch
0%
henrys
0%
Hensen
0%
hepars
0%
hepcat
0%
heptad
0%
heptyl
0%
Herbst
0%
herdic
0%
hereby
0%
herein
0%
herems
0%
hereof
0%
hereon
0%
Herero
0%
heresy
0%
hereto
0%
heried
0%
heries
0%
heriot
0%
hermae
0%
hermai
0%
heroes
0%
heroic
0%
herola
0%
Heschl
0%
hesped
0%
Hestia
0%
Hesvan
0%
hetero
0%
hetman
0%
heuchs
0%
heughs
0%
heveas
0%
hewgag
0%
hewlet
0%
hexade
0%
hexads
0%
hexane
0%
hexene
0%
hexine
0%
hexode
0%
hexone
0%
hexose
0%
hexyls
0%
hexyne
0%
heyday
0%
hiatal
0%
Hibito
0%
hicaco
0%
hicans
0%
hiccan
0%
hichus
0%
hidage
0%
hieing
0%
hielan
0%
hields
0%
hiemal
0%
Hiengs
0%
hijabi
0%
hijack
0%
hijrah
0%
hijras
0%
hikuli
0%
hilloa
0%
hilsas
0%
himbos
0%
himene
0%
himine
0%
hinaus
0%
Hindis
0%
Hindoo
0%
Hindus
0%
hingle
0%
hinoki
0%
Hiodon
0%
hiphop
0%
hippic
0%
hipple
0%
hirmoi
0%
hirmos
0%
hirple
0%
hirsel
0%
hirsle
0%
hirtch
0%
Hirudo
0%
hispas
0%
hispid
0%
histie
0%
Hivite
0%
hizzie
0%
hoasca
0%
hoasts
0%
hobbil
0%
hobbly
0%
hobnob
0%
hochst
0%
hodads
0%
hodags
0%
hodful
0%
hodjas
0%
hodman
0%
hodmen
0%
hogans
0%
hogleg
0%
hoglet
0%
hogman
0%
hogmen
0%
hognut
0%
hogpen
0%
hoicks
0%
hoighs
0%
hoised
0%
hoises
0%
Hokans
0%
hokily
0%
Hokmah
0%
hokums
0%
holard
0%
Holcus
0%
holdup
0%
holias
0%
holily
0%
holism
0%
holist
0%
hollos
0%
Holmes
0%
holoku
0%
holpen
0%
Homans
0%
homier
0%
homily
0%
homish
0%
hommos
0%
homrai
0%
honcho
0%
honies
0%
Honyak
0%
hoodoo
0%
hooeys
0%
hookum
0%
hookup
0%
hoolet
0%
hoondi
0%
hoople
0%
hoopoe
0%
hootch
0%
hoozes
0%
hopaks
0%
hoppet
0%
hoquet
0%
horary
0%
horkey
0%
horsts
0%
Horton
0%
hosels
0%
hostly
0%
hostry
0%
hotbed
0%
hotbox
0%
hotcha
0%
hotdog
0%
Hotnot
0%
houdah
0%
Houdan
0%
houdie
0%
hounce
0%
houris
0%
houtou
0%
howdah
0%
howded
0%
howder
0%
howels
0%
howish
0%
howked
0%
howkit
0%
howlet
0%
hoyden
0%
hoyman
0%
hoymen
0%
hryvna
0%
Huabis
0%
huacas
0%
huacos
0%
Hualpi
0%
Huaris
0%
Huarpe
0%
Huaves
0%
Hubabo
0%
hubams
0%
hubbly
0%
hubbub
0%
hubcap
0%
huchen
0%
huchos
0%
huddup
0%
hueful
0%
huemul
0%
hugest
0%
huggle
0%
Huhner
0%
huilie
0%
huipil
0%
hukama
0%
hullet
0%
hulloo
0%
hulock
0%
hulver
0%
humane
0%
humate
0%
humbug
0%
humect
0%
humeri
0%
humets
0%
humhum
0%
Humian
0%
Humism
0%
humite
0%
humits
0%
humlie
0%
Hummum
0%
humous
0%
humphs
0%
humpty
0%
hundos
0%
hunias
0%
Hunnic
0%
huppah
0%
huppot
0%
hurden
0%
hurple
0%
hurray
0%
Hurria
0%
hutias
0%
hutman
0%
hutmen
0%
hutzpa
0%
Hutzul
0%
Huxley
0%
huzzah
0%
huzzas
0%
huzzes
0%
Hyades
0%
hyaena
0%
hyalin
0%
hybrid
0%
Hydnum
0%
hydria
0%
hydric
0%
hydroa
0%
hydrol
0%
Hyenia
0%
hyenic
0%
hyetal
0%
Hygeia
0%
hygric
0%
Hyksos
0%
Hylams
0%
hylean
0%
hylegs
0%
hylids
0%
hyloid
0%
hymnal
0%
hymnic
0%
Hyodon
0%
hyoids
0%
Hypera
0%
hyphae
0%
hyphal
0%
Hypnea
0%
hypnum
0%
hypoed
0%
hypoid
0%
hypopi
0%
hypped
0%
Hyrcan
0%
hysons
0%
No matching quizzes found
Score Distribution
Percent of People with Each Score
Percentile by Number Answered
Your Score History
You have not taken this quiz